000 00656nam a2200205Ia 4500
003 GCL
008 140319s9999 xx 000 0 ara d
040 _aGCL /
_cGCL
082 0 4 _a811.98
_bم ف
100 1 _aمحمد على هوانه
245 1 0 _a"الفراعنة فى امريكا ""المهاجرون"" أشعار بالعامية المصرية" /
_cمحمد على هوانه
260 _a[S.N] :
_bمطابع جريدة السفير ،
_c1989
300 _a112 صص
490 _a
650 0 4 _aالشعر العربى
650 0 4 _aالادب العربى
650 0 4 _aالمهجر
650 0 4 _aالمجموعات
942 _2ddc
_cBK
999 _c29347
_d29347